000
00323nam a22001457a 4500
008
210514b ||||| |||| 00| 0 eng d
020
_a
0840365519
041
_a
eng
080
_2
5th
_a
82
082
_a
82
100
_a
21
101
_a
GJL
245
_a
Step by Step College Writing
_c
Randy Devillez
942
_2
udc
_c
BK
999
_c
57362
_d
57362